Les deux prénoms (click quiz) - Statistiques

Statistiques générales
  • Ce quiz a été pris 284 fois
  • Le résultat moyen est 4 sur 10
Statistiques - réponses
Hint Réponse % Correct
Naïs A
80%
Line A
63%
Lara C
58%
Lise E
49%
Arielle M
49%
Annick Y
32%
Armel C
30%
Léo C
29%
Léa C
24%
Loris F
22%
Aucun quiz correspondant
Distribution des résultats
% des personnes avec chaque résultat
Percentile par nombre de réponses
Votre historique - résultats
Vous n’avez pas pris ce quiz